| 000 | 00503nam a22001697a 4500 | ||
|---|---|---|---|
| 003 | PILC | ||
| 005 | 20160527090521.0 | ||
| 008 | 160527b xxu||||| |||| 00| 0 eng d | ||
| 020 | _a9781742166841 | ||
| 050 |
_aHF 5549 _b.St877 1997 |
||
| 100 | _aStone, Raymond J. | ||
| 245 |
_aHuman resource management / _cRaymond J. Stone. |
||
| 260 |
_aAustralia : _bJohn Wiley & Sons, _c1997. |
||
| 300 |
_axxiv, 847 pages : _billustrations ; _c26 cm. |
||
| 500 | _aIncludes glossary and index. | ||
| 942 |
_2lcc _cBK |
||
| 999 |
_c295005 _d295005 |
||